Twenty One Pilots Quiz |-/ - Statistics

General Stats
  • This quiz has been taken 1,067 times
  • The average score is 11 of 15
Answer Stats
Question Answer % Correct
Who is Tyler Joseph married to? Jenna Black
95%
How many members were originally in Twenty One Pilots? three
94%
How many siblings does Josh Dun have? three
94%
Fill in the blank: _____ inspires me like a _____ inspires a rabbit. death, dog
91%
How many songs are in Vessel? (not including Lovely) 12
89%
What is the last song in Blurryface called? Goner
84%
Fill in the blank: Fear might be the ____ of me, fear leads to ____. death, anxiety
81%
What is Josh Dun's twitter and snapchat handle? @joshuadun
75%
Fill in the blank: Night falls with ____, the earth turns from ____ gravity, sanity
67%
Where were Tyler and Josh born? Columbus Ohio
66%
What's Josh's favorite animal? Cat
65%
When is Tyler Joseph's birthday? December 1st
62%
Fill in the blank: You say that ____ crawled inside and made themselves at ____. spiders, home
55%
Who does Blurryface represent? Tyler's insecurities
52%
What's Josh Dun's favorite movie? Fight Club
38%
No matching quizzes found
Score Distribution
Percent of People with Each Score
Percentile by Number Answered
Your Score History
You have not taken this quiz